| 000 | 00688nam a2200265Ia 4500 | ||
|---|---|---|---|
| 003 | OSt | ||
| 005 | 20221005092842.0 | ||
| 006 | a|||||r|||| 00| 0 | ||
| 007 | ta | ||
| 008 | 221004b |||||||| |||| 00| 0 eng d | ||
| 020 | _a0333747836 | ||
| 024 | _a29550 | ||
| 037 | _cTextual | ||
| 040 |
_aCRL _cCRL _beng |
||
| 041 |
_2eng _aeng |
||
| 082 | _aO111,1J72:g, N9 | ||
| 100 | _aNutt Joe | ||
| 245 | 0 |
_aJohn Donne _b The poems |
|
| 260 |
_aNew York _bSt.Martin's Press Inc. USA _c1999 |
||
| 300 |
_a211p. _ccm. |
||
| 650 | _a ENGLISH LITERATURE | ||
| 650 |
_aDONNE, JOHN _911035 |
||
| 942 |
_hO111,1J72:g, N9 _cTEXL _2cc |
||
| 999 |
_c999462 _d999462 |
||